| 000 | 01395cam a2200361 a 4500 | ||
|---|---|---|---|
| 001 | 13152395 | ||
| 003 | LC | ||
| 005 | 20160404093658.0 | ||
| 008 | 030408s2004 nyu c b 000 0 eng | ||
| 010 | _a 2003050395 | ||
| 020 | _a9780060235284 | ||
| 040 |
_aDLC _cDLC _dDLC |
||
| 042 | _alcac | ||
| 050 | 0 | 0 |
_aPZ 7 _b.G2933ju 1994 |
| 082 | 0 | 0 |
_aFIC _bG29j 1994 |
| 100 | 1 |
_aGeorge, Jean Craighead _92320 |
|
| 245 | 1 | 2 |
_aJulie / _cJean Craighead George |
| 246 | 1 | 8 | _aJulie of the wolves |
| 260 |
_aNew York, NY : _bHarper Collins, _c1994. |
||
| 300 | 2 |
_a226 p. ; _c21 cm. |
|
| 440 | 0 |
_aScholastic bookfiles _92296 |
|
| 600 | 1 | 0 |
_aGeorge, Jean Craighead, _d1919- _tJulie of the wolves _vJuvenile literature. _92321 |
| 600 | 1 | 1 |
_aGeorge, Jean Craighead, _d1919- _tJulie of the wolves. _92322 |
| 650 | 0 |
_aEskimos in literature _vJuvenile literature. _92323 |
|
| 650 | 0 |
_aWolves in literature _vJuvenile literature. _92324 |
|
| 650 | 1 |
_aAmerican literature _xHistory and criticism. _92325 |
|
| 651 | 0 |
_aArctic regions _xIn literature _vJuvenile literature. _92326 |
|
| 856 | 4 | 2 |
_3Publisher description _uhttp://www.loc.gov/catdir/enhancements/fy1203/2003050395-d.html |
| 906 |
_a7 _bcbc _corignew _d1 _eocip _f20 _gy-gencatlg |
||
| 942 |
_2lcc _cBK |
||
| 999 |
_c11125 _d11125 |
||